| 000 -LEADER |
| fixed length control field |
01020nam a2200337 a 4500 |
| 001 - CONTROL NUMBER |
| control field |
ASIN0091796296 |
| 005 - DATE AND TIME OF LATEST TRANSACTION |
| control field |
20170105102848.0 |
| 008 - FIXED-LENGTH DATA ELEMENTS--GENERAL INFORMATION |
| fixed length control field |
130819s2007 xxu eng d |
| 020 ## - INTERNATIONAL STANDARD BOOK NUMBER |
| International Standard Book Number |
0091796296 (hardcover) |
| 020 ## - INTERNATIONAL STANDARD BOOK NUMBER |
| International Standard Book Number |
9780091796297 (hardcover) |
| 040 ## - CATALOGING SOURCE |
| Original cataloging agency |
0 |
| 050 04 - LIBRARY OF CONGRESS CALL NUMBER |
| Classification number |
JN1129.L32 |
| 082 04 - DEWEY DECIMAL CLASSIFICATION NUMBER |
| Classification number |
941.086092 |
| 245 14 - TITLE STATEMENT |
| Title |
The blair years : |
| Remainder of title |
extracts from the alastair campbell diaries / |
| Statement of responsibility, etc. |
Alastair Campbell, Richard Stott. |
| 250 ## - EDITION STATEMENT |
| Edition statement |
1st ed. |
| 260 ## - PUBLICATION, DISTRIBUTION, ETC. |
| Place of publication, distribution, etc. |
[S.l.] : |
| Name of publisher, distributor, etc. |
Hutchinson, |
| Date of publication, distribution, etc. |
2007. |
| 300 ## - PHYSICAL DESCRIPTION |
| Extent |
794 p. ; |
| Dimensions |
24 cm. |
| 500 ## - GENERAL NOTE |
| General note |
Import. |
| 650 #0 - SUBJECT ADDED ENTRY--TOPICAL TERM |
| Topical term or geographic name entry element |
Blair, Tony, 1953- |
| 650 #0 - SUBJECT ADDED ENTRY--TOPICAL TERM |
| Topical term or geographic name entry element |
Campbell, Alastair, 1957- |
| 650 #0 - SUBJECT ADDED ENTRY--TOPICAL TERM |
| Topical term or geographic name entry element |
Friendship |
| 650 #0 - SUBJECT ADDED ENTRY--TOPICAL TERM |
| Topical term or geographic name entry element |
Great Britain |
| 650 #0 - SUBJECT ADDED ENTRY--TOPICAL TERM |
| Topical term or geographic name entry element |
Labour Party (Great Britain) |
| 650 #0 - SUBJECT ADDED ENTRY--TOPICAL TERM |
| Topical term or geographic name entry element |
Political science |
| 650 #0 - SUBJECT ADDED ENTRY--TOPICAL TERM |
| Topical term or geographic name entry element |
Press secretaries |
| 650 #0 - SUBJECT ADDED ENTRY--TOPICAL TERM |
| Topical term or geographic name entry element |
Prime ministers |
| 700 1# - ADDED ENTRY--PERSONAL NAME |
| Personal name |
Campbell, Alastair. |
| 700 1# - ADDED ENTRY--PERSONAL NAME |
| Personal name |
Stott, Richard. |
| 856 40 - ELECTRONIC LOCATION AND ACCESS |
| Materials specified |
Amazon.com |
| Uniform Resource Identifier |
<a href="http://www.amazon.com/exec/obidos/ASIN/0091796296/chopaconline-20">http://www.amazon.com/exec/obidos/ASIN/0091796296/chopaconline-20</a> |
| 942 ## - ADDED ENTRY ELEMENTS (KOHA) |
| Source of classification or shelving scheme |
|
| Koha item type |
Book |